Reflections in a mirror, (Record no. 83637)
[ view plain ]
| 000 -LEADER | |
|---|---|
| fixed length control field | 00768nam a22002171 4500 |
| 001 - CONTROL NUMBER | |
| control field | 83637 |
| 003 - CONTROL NUMBER IDENTIFIER | |
| rucl marc code | BD-RjUL |
| 005 - DATE AND TIME OF LATEST TRANSACTION | |
| control field | 20240502123107.0 |
| 008 - FIXED-LENGTH DATA ELEMENTS--GENERAL INFORMATION | |
| fixed length control field | 240502s19531945nyu 000 0 eng |
| 035 ## - SYSTEM CONTROL NUMBER | |
| System control number | (BD-RjUL)83637 |
| 040 ## - CATALOGING SOURCE | |
| Original cataloging agency | DLC |
| Transcribing agency | ODa |
| Modifying agency | OCoLC |
| -- | DLC |
| Language of cataloging | eng |
| 041 ## - LANGUAGE CODE | |
| Language code of text/sound track or separate title | eng |
| 082 ## - DEWEY DECIMAL CLASSIFICATION NUMBER | |
| Classification number | 824.91 |
| Author mark and year | MOR 1953 |
| 100 1# - MAIN ENTRY--PERSONAL NAME | |
| Personal name | Morgan, Charles, |
| Dates associated with a name | 1894-1958. |
| 9 (RLIN) | 12234 |
| 245 10 - TITLE STATEMENT | |
| Title | Reflections in a mirror, |
| Statement of responsibility, etc. | by Charles Morgan. |
| 260 ## - PUBLICATION, DISTRIBUTION, ETC. (IMPRINT) | |
| Place of publication, distribution, etc. | London: |
| Name of publisher, distributor, etc. | Macmillan &Co.Ltd, |
| Date of publication, distribution, etc. | 1953. |
| 300 ## - PHYSICAL DESCRIPTION | |
| Pagination | vii, 224, [1] p. |
| Size | 20 cm. |
| 500 ## - GENERAL NOTE | |
| General note | Most of these essays were selected from a weekly series, "Menander's mirror," which began to appear in the Literary supplement of the Times on October 31st, 1942. cf. Foreword. |
| General note | "First [American] printing." |
| 942 ## - ADDED ENTRY ELEMENTS (KOHA) | |
| Source of classification or shelving scheme | Dewey Decimal Classification |
| Koha item type | Books |
| Lost status | Source of classification or shelving scheme | Damaged status | Not for loan | Collection code | Permanent Location | Current Location | Shelving location | Date acquired | Source of acquisition | Cost, normal purchase price | Total Checkouts | Full call number | Date last seen | Copy number | Koha item type |
|---|---|---|---|---|---|---|---|---|---|---|---|---|---|---|---|
| Dewey Decimal Classification | Not For Loan | Non-fiction | Central Library, University of Rajshahi | Central Library, University of Rajshahi | Reading Room | 03/06/1965 | ZEITLINGER | 21.00 | 824.91 MOR 1953 | 02/05/2024 | C-1 | Books | |||
| Dewey Decimal Classification | Non-fiction | Central Library, University of Rajshahi | Central Library, University of Rajshahi | General Stacks | 09/10/1968 | zietlinger | 16.00 | 824.91 MOR 1953 | 21/06/2025 | C-2 | Books | ||||
| Dewey Decimal Classification | Non-fiction | Central Library, University of Rajshahi | Central Library, University of Rajshahi | General Stacks | 12/03/1964 | zietlinger | 824.91 MOR 1953 | 21/06/2025 | C-3 | Books |